Statistiques concernant NBA - Top 10 Rebondeurs 2024

Cliquez ici pour prendre le quiz!

Statistiques générales

  • Ce quiz a été pris 373 fois
    (58 depuis la dernière actualisation)
  • Le résultat moyen est 8 sur 10

Statistiques - réponses

ClassementNationalitéFranchiseRebonds par matchJoueur% Correct
2FranceMinnesota Timberwolves12,9Rudy Gobert
100%
4SerbieDenver Nuggets12,4Nikola Jokic
98%
3États-UnisLos Angeles Lakers12,6Anthony Davis
96%
1LituanieSacramento Kings13,7Domantas Sabonis
96%
8FranceSan Antonio Spurs10,6Victor Wembanyama
96%
6GrèceMilwaukee Bucks11,5Giannis Antetokounmpo
92%
9SuisseAtlanta Hawks10,6Clint Capela
73%
7Bosnie-HerzégovinePhoenix Suns11,0Jusuf Nurkic
71%
10MonténégroChicago Bulls10,5Nikola Vucevic
67%
5États-UnisDetroit Pistons11,6Jalen Duren
49%

Distribution des résultats

Percentile par nombre de réponses

% des personnes avec chaque résultat

Votre développement - résultats

Vous n’avez pas pris ce quiz depuis la dernière actualisation